Tłumaczenie z j. łacińskiego - klikanie - Statystyki

Ogólne statystyki
  • Ten quiz został rozwiązany 144 razy
  • Średni wynik to 14 z 21
Statystyki odpowiedzi
Hint Odpowiedź % Poprawnych
Chwytaj dzień Carpe diem
97%
Przybyłem, zobaczyłem, zwyciężyłem Veni, vidi, vici
94%
Pamiętaj o śmierci Memento mori
87%
Faktycznie De facto
85%
Dokąd idziesz Quo vadis
83%
Myślę, więc jestem Cogito, ergo sum
82%
Osoba niepożądana Persona non grata
82%
O gustach się nie dyskutuje De gustibus non est disputandum
80%
Przez moją winę Mea culpa
80%
Bóg chce Deus vult
77%
I inne podobne rzeczy Et cetera
69%
Aktualny stan Status quo
66%
Pieniądze nie śmierdzą Pecunia non olet
61%
Nic nie powstaje z niczego Ex nihilo nihil fit
59%
Śmiech poprawia obyczaje Castigat ridendo mores
56%
Wiem, że nic nie wiem Scio nihil me scire
55%
Kości zostały rzucone Alea iacta est
54%
Dla czyjego dobra Cui bono
48%
Spiesz się powoli Festina lente
42%
Dojenie samca kozy Mulgere hircum
37%
Nie ufaj koniowi Equo ne credite
35%
Nie znaleziono quizów pasujących do podanych kryteriów
Rozkład punktacji
Procent ludzi z każdym wynikiem
Percentyl według liczby udzielonych odpowiedzi
Twoja historia wyników
Nie rozwiązałeś tego quizu